<?xml version="1.0" encoding="UTF-8"?>
<record
    xmlns:xsi="http://www.w3.org/2001/XMLSchema-instance"
    xsi:schemaLocation="http://www.loc.gov/MARC21/slim http://www.loc.gov/standards/marcxml/schema/MARC21slim.xsd"
    xmlns="http://www.loc.gov/MARC21/slim">

  <leader>01315cam a2200397 a 4500</leader>
  <datafield tag="999" ind1=" " ind2=" ">
    <subfield code="c">23918</subfield>
    <subfield code="d">23918</subfield>
  </datafield>
  <controlfield tag="001">vtls010519130</controlfield>
  <controlfield tag="005">20250922092609.0</controlfield>
  <controlfield tag="008">240314s2013    xo     gr     0 000 cze  </controlfield>
  <datafield tag="020" ind1=" " ind2=" ">
    <subfield code="a">9788081111464</subfield>
    <subfield code="q">(viaz.)</subfield>
  </datafield>
  <datafield tag="035" ind1=" " ind2=" ">
    <subfield code="a">8A906953-CFCC-42FC-B2EB-784DF8994E95</subfield>
  </datafield>
  <datafield tag="035" ind1=" " ind2=" ">
    <subfield code="a">urn:nbn:sk:snk-amjyqi</subfield>
  </datafield>
  <datafield tag="035" ind1=" " ind2=" ">
    <subfield code="a">urn:nbn:sk:snk-am0084bq</subfield>
  </datafield>
  <datafield tag="040" ind1=" " ind2=" ">
    <subfield code="a">SVKBB</subfield>
    <subfield code="b">slo</subfield>
    <subfield code="c">SVKBB</subfield>
    <subfield code="a">SNK</subfield>
    <subfield code="e">AACR2</subfield>
  </datafield>
  <datafield tag="041" ind1="1" ind2=" ">
    <subfield code="a">cze</subfield>
    <subfield code="h">eng</subfield>
  </datafield>
  <datafield tag="044" ind1=" " ind2=" ">
    <subfield code="a">xo</subfield>
    <subfield code="c">SK</subfield>
  </datafield>
  <datafield tag="072" ind1=" " ind2="7">
    <subfield code="a">159.96</subfield>
    <subfield code="x">Zvl&#xE1;&#x161;tne du&#x161;evn&#xE9; stavy a procesy</subfield>
    <subfield code="2">konspekt</subfield>
  </datafield>
  <datafield tag="080" ind1=" " ind2=" ">
    <subfield code="a">159.963.38</subfield>
    <subfield code="2">2001</subfield>
  </datafield>
  <datafield tag="080" ind1=" " ind2=" ">
    <subfield code="a">(0.064)</subfield>
    <subfield code="2">2001</subfield>
  </datafield>
  <datafield tag="080" ind1=" " ind2=" ">
    <subfield code="a">(035)</subfield>
    <subfield code="2">2001</subfield>
  </datafield>
  <datafield tag="100" ind1="1" ind2=" ">
    <subfield code="a">Lennox, Michael,</subfield>
    <subfield code="d">1963-</subfield>
    <subfield code="4">aut</subfield>
    <subfield code="9">4781</subfield>
  </datafield>
  <datafield tag="240" ind1="1" ind2="0">
    <subfield code="a">Dream Sight</subfield>
    <subfield code="l">&#x10C;esky</subfield>
  </datafield>
  <datafield tag="245" ind1="1" ind2="0">
    <subfield code="a">&#x158;e&#x10D; sn&#x16F;</subfield>
    <subfield code="b">sn&#xE1;&#x159; s v&#xFD;kladov&#xFD;m pr&#x16F;vodcem</subfield>
    <subfield code="c">Michael Lennox ; [z anglick&#xE9;ho origin&#xE1;lu ... p&#x159;elo&#x17E;ila Ivana Sovi&#x161;ov&#xE1;]</subfield>
  </datafield>
  <datafield tag="250" ind1=" " ind2=" ">
    <subfield code="a">1. vyd.</subfield>
  </datafield>
  <datafield tag="260" ind1=" " ind2=" ">
    <subfield code="a">Bratislava</subfield>
    <subfield code="b">Noxi</subfield>
    <subfield code="c">2013</subfield>
  </datafield>
  <datafield tag="300" ind1=" " ind2=" ">
    <subfield code="a">365 s.</subfield>
    <subfield code="c">22 cm</subfield>
  </datafield>
  <datafield tag="650" ind1="0" ind2="7">
    <subfield code="a">sny</subfield>
    <subfield code="2">SNKPH</subfield>
    <subfield code="9">4782</subfield>
  </datafield>
  <datafield tag="650" ind1="0" ind2="7">
    <subfield code="a">v&#xFD;klad snov</subfield>
    <subfield code="2">SNKPH</subfield>
    <subfield code="9">4783</subfield>
  </datafield>
  <datafield tag="650" ind1="0" ind2="7">
    <subfield code="a">Dreams</subfield>
    <subfield code="2">SNKPHeng</subfield>
    <subfield code="9">4784</subfield>
  </datafield>
  <datafield tag="650" ind1="0" ind2="7">
    <subfield code="a">Dream interpretation</subfield>
    <subfield code="2">SNKPHeng</subfield>
    <subfield code="9">4785</subfield>
  </datafield>
  <datafield tag="655" ind1=" " ind2="7">
    <subfield code="a">pr&#xED;ru&#x10D;ky</subfield>
    <subfield code="2">SNKPH</subfield>
    <subfield code="9">1541</subfield>
  </datafield>
  <datafield tag="655" ind1=" " ind2="7">
    <subfield code="a">Dream book</subfield>
    <subfield code="2">SNKPHeng</subfield>
    <subfield code="9">4786</subfield>
  </datafield>
  <datafield tag="655" ind1=" " ind2="7">
    <subfield code="a">sn&#xE1;re</subfield>
    <subfield code="2">SNKPH</subfield>
    <subfield code="9">4787</subfield>
  </datafield>
  <datafield tag="655" ind1=" " ind2="7">
    <subfield code="a">Handbooks, manuals, etc.</subfield>
    <subfield code="2">SNKPHeng</subfield>
    <subfield code="9">1630</subfield>
  </datafield>
  <datafield tag="700" ind1="1" ind2=" ">
    <subfield code="a">Sovi&#x161;ov&#xE1;, Ivana</subfield>
    <subfield code="4">trl</subfield>
    <subfield code="9">4788</subfield>
  </datafield>
  <datafield tag="958" ind1=" " ind2=" ">
    <subfield code="a">OP</subfield>
  </datafield>
  <datafield tag="952" ind1=" " ind2=" ">
    <subfield code="0">0</subfield>
    <subfield code="1">0</subfield>
    <subfield code="2">udc</subfield>
    <subfield code="4">0</subfield>
    <subfield code="7">0</subfield>
    <subfield code="8">D</subfield>
    <subfield code="a">10000</subfield>
    <subfield code="b">10000</subfield>
    <subfield code="d">2025-09-22</subfield>
    <subfield code="i">22274</subfield>
    <subfield code="l">1</subfield>
    <subfield code="o">S1572</subfield>
    <subfield code="p">S1572</subfield>
    <subfield code="r">2026-06-03</subfield>
    <subfield code="s">2026-05-26</subfield>
    <subfield code="w">2025-09-22</subfield>
    <subfield code="y">OLDO</subfield>
  </datafield>
</record>
